Clase 6 : El verbo /

Guardado en:
Autor Corporativo: Consudec.
Formato: Deslizar
Series:Red federal de formación docente continua
Materias:
Etiquetas: Agregar Etiqueta
Sin Etiquetas, Sea el primero en etiquetar este registro!
LEADER 00769ngm a22002295g 4500
001 CEM.cems022288
008 130507b1997##################0###0#####d
005 20241028152600.0
245 1 0 |a Clase 6 :  |b El verbo /  |c Consudec. 
300 |a 27'. 
490 0 |a Red federal de formación docente continua 
500 |a En soporte VHS, consultar en ventanilla. 
505 0 |a Clase televisiva interactiva con un módulo gráfico. Tema: el verbo. 
538 |a Soporte: VHS - Norma: Pal N - Color: Si - Original 1997 - Hitachi=1525. 
110 2 |a Consudec. 
082 4 0 |/ CON-2 
653 |a NIVEL PRIMARIO 
653 |a NIVEL SECUNDARIO 
653 |a LENGUA 
653 |a VERBO 
653 |a CONSUDEC 
859 |a CEMS  |b BIB. CEMS - Depto. Recursos Didacticos  |h 407  |i CON-2  |k DRD  |p 931.12  |t Ej.1